| 000 | 00645nam a2200205Ia 4500 | ||
|---|---|---|---|
| 001 | 12446 | ||
| 003 | GE_BSU | ||
| 008 | 181216s||||||||xx |||||||||||||| ||und|| | ||
| 040 | _cGE_BSU | ||
| 080 | _a613.32:579 | ||
| 245 | _aМикробиология загрязненных вод=Water Pollution Microbiology | ||
| 245 | _cПод.ред.Р.Митчелла.Ред. Р.Т.Маликов | ||
| 260 | _aМосква | ||
| 260 | _bМедицина | ||
| 260 | _c1976 | ||
| 300 | _a319стр.20см. | ||
| 653 | _aМикробиология загрязненных вод | ||
| 653 | _aმიკრობიოლოგია | ||
| 942 | _cBK | ||
| 999 |
_c45620 _d45620 |
||